000 00450cam a22001337a 4500
008 180718b1990 xxu||||| |||| 00| 0 eng d
082 _aA81x54 In2/81/1/PT4B/1
100 _aCensus of India 1981
245 _aIndia: population by language/mother-tongue
260 _aDelhi
_bRegistrar General and Census Commissioner, India
_c1990
300 _a117p.
440 _aCensus of India 1981. Series-1, India. Part IV B (i)
500 _aContents: Table C-7
999 _c481841
_d481841